000 00708nam a2200289Ia 4500
005 20260324131720.0
008 008 260324s9999 xx 000 0 eng d
020 _a9780203020357
037 _aEBOOK
040 _aCRL
040 _beng
040 _cCRL
041 _2eng
041 _aeng
084 _qCRL
100 _aTimon Screech; C.P. Thunberg
_91186549
245 0 _aJapan Extolled and Decried
245 0 _bCarl Peter Thunberg's Travels in Japan 1775-1776
260 _bTaylor and Francis
260 _c2005
365 _a
365 _b230
856 _uhttp://www.taylorfrancis.com/books/9780203020357
942 _cEBOOK
999 _c1783980
_d1783980